Central Library OPAC University of Rajshahi

বৃহত্তর কুষ্টিয়ার নারীবাউল : (Record no. 79265)

MARC details
000 -LEADER
fixed length control field 02274nam a2200325 a 4500
001 - CONTROL NUMBER
RUCL Control Number 79265
003 - CONTROL NUMBER IDENTIFIER
rucl marc code BD-RjUL
005 - DATE AND TIME OF LATEST TRANSACTION
control field 20220201132824.0
008 - FIXED-LENGTH DATA ELEMENTS--GENERAL INFORMATION
fixed length control field 220127s2015 bg a|||| m||| 00| 0 ben d
035 ## - SYSTEM CONTROL NUMBER
system control number (BD-RjUL)79265
040 ## - CATALOGING SOURCE
Original cataloging agency BD-RjUL
Language of cataloging ben / eng
Transcribing agency BD-RjUL
Modifying agency BD-RjUL
041 ## - LANGUAGE CODE
Language code of Book ben
082 ## - DEWEY DECIMAL CLASSIFICATION NUMBER
Classification number 781.62095492
Author mark and Year KHB 2015
DDC Edition number 23
100 ## - MAIN ENTRY--PERSONAL NAME
Personal name খাতুন, মোসা. নাসিমা
9 (RLIN) 936
245 ## - TITLE STATEMENT
Title বৃহত্তর কুষ্টিয়ার নারীবাউল :
Remainder of title জীবন ও সাধনা /
Statement of responsibility, etc মোসা. নাসিমা খাতুন
Name of Supervisor/Co-Supervisor তত্ত্বাবধায়ক : পি. এম. সফিকুল ইসলাম ; সহ-তত্ত্বাবধায়ক : মো. আবুল হাসান চৌধুরী
260 ## - PUBLICATION, DISTRIBUTION, ETC. (IMPRINT)
Place of publication, distribution, etc রাজশাহী :
Name of publisher, distributor, etc বাংলা বিভাগ, রাজশাহী বিশ্ববিদ্যালয়,
Date of publication, distribution, etc ২০১৫
300 ## - PHYSICAL DESCRIPTION
Pagination vi, ১৮৭ পাতা :
Other physical details চিত্র ;
Dimensions ২৯ সেমি.
502 ## - DISSERTATION NOTE
Dissertation note থিসিস ( পিএইচ. ডি.) -- বাংলা বিভাগ, রাজশাহী বিশ্ববিদ্যালয়, ২০১৫
504 ## - BIBLIOGRAPHY, ETC. NOTE
Bibliography, etc সহায়ক গ্রন্থপঞ্জি : পাতা ১৮৫ - ১৮৭
600 ## - SUBJECT ADDED ENTRY--PERSONAL NAME
Personal name
-- 1067
650 ## - SUBJECT ADDED ENTRY--TOPICAL TERM
Topical term or geographic name as entry element বাউল নারী
Geographic subdivision বাংলাদেশ
-- বৃহত্তর কুস্টিয়া জেলা
General subdivision গান ও সঙ্গীত
9 (RLIN) 937
Topical term or geographic name as entry element Baul women
Geographic subdivision Bangladesh
-- Greater Kushtia District
General subdivision Songs and music.
9 (RLIN) 938
Topical term or geographic name as entry element লোকগান, বাংলা
Geographic subdivision বাংলাদেশ
-- বৃহত্তর কুস্টিয়া জেলা
9 (RLIN) 1063
Topical term or geographic name as entry element Folk songs, Bengali
Geographic subdivision Bangladesh
-- Greater Kushtia District
9 (RLIN) 1064
Topical term or geographic name as entry element বাউল নারী
General subdivision ধর্মীয় জীবন
Geographic subdivision বাংলাদেশ
9 (RLIN) 1065
Topical term or geographic name as entry element Baul women
Geographic subdivision Religious life
-- Bangladesh.
9 (RLIN) 1066
700 ## - ADDED ENTRY--SUPERVISOR/CO-SUPERVISOR NAME
Personal name ইসলাম, পি. এম. সফিকুল, তত্ত্বাবধায়ক
9 (RLIN) 939
Personal name চৌধুরী, মো. আবুল হাসান, সহ-তত্ত্বাবধায়ক
9 (RLIN) 940
942 ## - ADDED ENTRY ELEMENTS (KOHA)
Source of classification or shelving scheme Dewey Decimal Classification
Koha item type Theses
Holdings
Source of classification or shelving scheme Damaged status Not for loan Collection code Permanent Location Current Location Shelving location Date of accession Source of acquisition Full call number Barcode Date last seen Copy number Thesis
Dewey Decimal Classification   Not For Loan Theses Central Library, University of Rajshahi Central Library, University of Rajshahi Documentation Section 30/07/2016 Controller of Exam., R.U. BTHE 781.62095492 KHB 2015 D3968 27/01/2022 C-1 Theses